Statistics for North American Sports Teams 1977-78

Click here to take the quiz!

General Stats

  • This quiz has been taken 10 times
    (5 since last reset)
  • The average score is 105 of 129

Answer Stats

HintAnswer% Correct
Georgia MLB:Atlanta Braves
100%
Georgia NFL:Atlanta Falcons
100%
Georgia NBA:Atlanta Hawks
100%
Maryland NFL:Baltimore Colts
100%
Alabama WHA:Birmingham Bulls
100%
Massachusetts NHL:Boston Bruins
100%
Massachusetts NBA:Boston Celtics
100%
Massachusetts MLB:Boston Red Sox
100%
New York NBA:Buffalo Braves
100%
Illinois NBA:Chicago Bulls
100%
Illinois MLB:Chicago White Sox
100%
Ohio MLB:Cincinnati Reds
100%
Ohio NBA:Cleveland Cavaliers
100%
Colorado NBA:Denver Nuggets
100%
Michigan NBA:Detroit Pistons
100%
Alberta WHA:Edmonton Oilers
100%
California NBA:Golden State Warriors
100%
Texas NFL:Houston Oilers
100%
Texas NBA:Houston Rockets
100%
Indiana NBA:Indiana Pacers
100%
Missouri NBA:Kansas City Kings
100%
California NHL:Los Angeles Kings
100%
California NBA:Los Angeles Lakers
100%
Minnesota NFL:Minnesota Vikings
100%
Massachusetts NFL:New England Patriots
100%
New Jersey NBA:New Jersey Nets
100%
Louisiana NBA:New Orleans Jazz
100%
New York NBA:New York Knicks
100%
New York NHL:New York Rangers
100%
New York MLB:New York Yankees
100%
Pennsylvania NBA:Philadelphia 76ers
100%
Pennsylvania NFL:Philadelphia Eagles
100%
Pennsylvania NHL:Philadelphia Flyers
100%
Pennsylvania MLB:Philadelphia Phillies
100%
Arizona NBA:Phoenix Suns
100%
Pennsylvania NFL:Pittsburgh Steelers
100%
Texas NBA:San Antonio Spurs
100%
Washington NBA:Seattle SuperSonics
100%
Missouri MLB: | Missouri NFL:St. Louis Cardinals
100%
Florida NFL:Tampa Bay Buccaneers
100%
Texas MLB:Texas Rangers
100%
DC NBA:Washington Bullets
100%
Georgia NHL:Atlanta Flames
80%
Maryland MLB:Baltimore Orioles
80%
British Columbia CFL:BC Lions
80%
New York NFL:Buffalo Bills
80%
New York NHL:Buffalo Sabres
80%
Alberta CFL:Calgary Stampeders
80%
California MLB:California Angels
80%
Illinois NFL:Chicago Bears
80%
Illinois NHL:Chicago Black Hawks
80%
Illinois MLB:Chicago Cubs
80%
Ohio NFL:Cincinnati Bengals
80%
Ohio NHL:Cleveland Barons
80%
Ohio NFL:Cleveland Browns
80%
Ohio MLB:Cleveland Indians
80%
Colorado NHL:Colorado Rockies
80%
Texas NFL:Dallas Cowboys
80%
Colorado NFL:Denver Broncos
80%
Michigan NFL:Detroit Lions
80%
Michigan NHL:Detroit Red Wings
80%
Michigan MLB:Detroit Tigers
80%
Alberta CFL:Edmonton Eskimos
80%
Wisconsin NFL:Green Bay Packers
80%
Ontario CFL:Hamilton Tiger-Cats
80%
Texas WHA:Houston Aeros
80%
Texas MLB:Houston Astros
80%
Indiana WHA:Indianapolis Racers
80%
Missouri NFL:Kansas City Chiefs
80%
Missouri MLB:Kansas City Royals
80%
California MLB:Los Angeles Dodgers
80%
California NFL:Los Angeles Rams
80%
Florida NFL:Miami Dolphins
80%
Wisconsin MLB:Milwaukee Brewers
80%
Wisconsin NBA:Milwaukee Bucks
80%
Minnesota NHL:Minnesota North Stars
80%
Minnesota MLB:Minnesota Twins
80%
Quebec CFL:Montreal Alouettes
80%
Quebec NHL:Montreal Canadiens
80%
Quebec MLB:Montreal Expos
80%
Connecticut WHA:New England Whalers
80%
Louisiana NFL:New Orleans Saints
80%
New York NFL:New York Giants
80%
New York NHL:New York Islanders
80%
New York NFL:New York Jets
80%
New York MLB:New York Mets
80%
California MLB:Oakland Athletics
80%
California NFL:Oakland Raiders
80%
Ontario CFL:Ottawa Rough Riders
80%
Pennsylvania NHL:Pittsburgh Penguins
80%
Pennsylvania MLB:Pittsburgh Pirates
80%
Oregon NBA:Portland Trailblazers
80%
Quebec WHA:Quebec Nordiques
80%
California NFL:San Diego Chargers
80%
California MLB:San Diego Padres
80%
California NFL:San Francisco 49ers
80%
California MLB:San Francisco Giants
80%
Saskatchewan CFL:Saskatchewan Roughriders
80%
Washington MLB:Seattle Mariners
80%
Washington NFL:Seattle Seahawks
80%
Missouri NHL:St. Louis Blues
80%
Missouri NASL:St. Louis Stars
80%
Ontario CFL:Toronto Argonauts
80%
Ontario MLB:Toronto Blue Jays
80%
Ontario NHL:Toronto Maple Leafs
80%
British Columbia NHL:Vancouver Canucks
80%
British Columbia NASL:Vancouver Whitecaps
80%
DC NHL:Washington Capitals
80%
DC NFL:Washington Redskins
80%
Manitoba CFL:Winnipeg Blue Bombers
80%
Manitoba WHA:Winnipeg Jets
80%
New York NASL:Cosmos
60%
Texas NASL:Dallas Tornado
60%
California NASL:San Jose Earthquakes
60%
Hawaii NASL:Team Hawaii
60%
Ontario NASL:Toronto Metros-Croatia
60%
Illinois NASL:Chicago Sting
40%
Ohio WHA:Cincinnati Stingers
40%
California NASL:Los Angeles Aztecs
40%
Oregon NASL:Portland Timbers
40%
New York NASL:Rochester Lancers
40%
Washington NASL:Seattle Sounders
40%
Florida NASL:Tampa Bay Rowdies
40%
DC NASL:Washington Diplomats
40%
Connecticut NASL:Connecticut Bicentennials
20%
Florida NASL:Fort Lauderdale Strikers
20%
Nevada NASL:Las Vegas Quicksilvers
20%
Minnesota NASL:Minnesota Kicks
20%

Score Distribution

Percentile by Number Answered

Percent of People with Each Score

Your Score History

You have not taken this quiz since the last reset